004100000a220009700045001000018000002450030000183000046000485000064000945200109001587730045002671 aGómez, Lula10aTodos mentimos alguna vez aVol.0, núm.9 (Junio, 2006), Página 30 aPeriodista y colaboradora del diario El País de España. aLula Gómez se pregunta si es justa la expulsión de Holanda de la cineasta y diputada Ayan Hirsi Ali.0 tArcadia / Andrés Felipe Solano, Editor